| 000 | 00000nam##2200000za#4500 |
| 001 | 9.604242 |
| 003 | CaOODSP |
| 005 | 20210624211455 |
| 007 | cr ||||||||||| |
| 008 | 150406|2005||||xxc|||||o f|0| 0 fre|d |
| 040 | |aCaOODSP|bfre |
| 043 | |an-cn--- |
| 086 | 1 |aTU3-5/05-54F-PDF |
| 110 | 2 |aBureau de la sécurité des transports du Canada. |
| 245 | 10|aSortie de piste de l'Airbus A319-112 C-GJTC, exploité par Air Canada à l'aéroport international de Winnipeg (Manitoba), le 26 décembre 2005 |h[ressource électronique] |
| 260 | |aGatineau - Québec : |bBureau de la sécurité des transports du Canada |c2006. |
| 300 | |a12p.|bfigures |
| 490 | 1 |aRapport d'enquête aéronautique |vA05C0222 |
| 500 | |a« Le Bureau a autorisé la publication du rapport le 22 novembre 2006 » --p.12. |
| 590 | |a12-33-Supp|b2012-07-18 |
| 775 | 08|tRunway excursion - Air Canada Airbus A319-112 C-GJTC, Winnipeg International Airport, Manitoba, 26 December 2005 |w(CaOODSP)9.574498 |
| 830 | #0|aRapport d'enquête aéronautique ;|vA05C0222|w(CaOODSP)9.501229 |
| 856 | 40|ahttp://publications.gc.ca|qPDF|s312 Ko|uhttps://publications.gc.ca/collections/collection_2012/bst-tsb/TU3-5-05-54-fra.pdf|yA05C0222 |